00339nam a2200109Ia 4500008004100000082000800041100001700049245004400066942000600110952009800116999001500214240331s9999 xx 000 0 und d bDEL aDe Lenarol,N 0aDasa raja puwatha :b500 B.C.1200 A.D. cL 001040708LaWERCLbWERCLcSSCd2024-03-31l0o 954.93 DELp5405r2024-03-31w2024-03-31yL c2667d2667